[Event "Trophee Roza Lallemand Online"]
[Site "Tornelo INT"]
[Date "2020.12.13"]
[Round "8"]
[White "Detraz, Lorna"]
[Black "Denis, Monique"]
[Result "0-1"]
[WhiteElo "1020"]
[BlackElo "1442"]
[PlyCount "54"]
[EventDate "2020.12.13"]
[EventType "swiss (rapid)"]
[EventRounds "9"]
[EventCountry "USA"]
[SourceTitle "EXT 2022"]
[Source "ChessBase"]
[SourceDate "2021.10.06"]
[SourceVersion "1"]
[SourceVersionDate "2021.10.06"]
[SourceQuality "1"]

1. b3 e5 2. Bb2 d6 3. e3 a6 4. Nf3 Nf6 5. c4 c5 6. d4 cxd4 7. exd4 e4 8. Ng5 h6 9. Nh3 Be7 10. Nd2 0-0 11. Be2 Nc6 12. 0-0 Bxh3 13. gxh3 Nh7 14. d5 Ne5 15. Nxe4 f5 16. Ng3 f4 17. Nh5 Ng5 18. Qd4 Nef3+ 19. Bxf3 Nxf3+ 20. Kg2 Nxd4 21. Bxd4 Bf6 22. Nxf6+ gxf6 23. Rg1 Kh7 24. Kf3 Qd7 25. Rg2 Qxh3+ 26. Ke2 Qxg2 27. Rf1 Rae8+ 0-1